Score 0/16 Timer 02:00
1 Play Today
Movie Title Missing Word % Correct
Kung Fu _____Panda
95.8%
How to _____ Your DragonTrain
95.3%
Monsters vs. _____Aliens
91.2%
The _____ of EgyptPrince
78.4%
Sinbad: Legend of the _____ SeasSeven
76.9%
Bee _____Movie
76.4%
Shrek the _____Third
75.8%
Shrek Forever _____After
74.8%
Movie Title Missing Word % Correct
The _____ to El DoradoRoad
74.6%
_____ RunChicken
70.1%
Over the _____Hedge
64.7%
Madagascar: _____ 2 AfricaEscape
58.1%
Wallace & Gromit: The _____ of the Were-RabbitCurse
49.3%
_____ TaleShark
47.1%
Spirit: _____ of the CimarronStallion
23.7%
_____ AwayFlushed
21.6%

Today's Daily Dose

Remove Ads.
Support Sporcle.
Get the best of Sporcle when you Go Orange. This ad-free experience offers more features, more stats, and more fun while also helping to support Sporcle. Thank you for becoming a member.

You're not logged in!

Compare scores with friends on all Sporcle quizzes.
OR
Log In

Show Comments

Extras

Top Quizzes Today


Score Distribution

Your Account Isn't Verified!

In order to create a playlist on Sporcle, you need to verify the email address you used during registration. Go to your Sporcle Settings to finish the process.

Report this User

Report this user for behavior that violates our Community Guidelines.

Details: